000 00563nam a2200169 i 4500
001 23503
003 ES-MaACL
005 20230906152901.0
007 t|
008 021210s1895 sp ||||1| spa d
080 _a821.134.2-31"18"
100 1 _aAlvarez de la Braña, Ramón.
_920759
245 1 0 _aRoland y Don Gutierre
_b: novelitas históricos /
_cpor Ramón Alvarez de la Braña.
260 _aLeón :
_b[s.n.],
_c1895 (
_fImp. Herederos de Miñón)
300 _aVIII, 210 p. ;
_c23 cm.
852 _aES-MaACL
_jT-839-F-2
_z.- Dedicatoria manuscrita del autor
999 _c23503
_d23503